000 01142nam a2200289 i 4500
001 92759
003 ES-MaACL
005 20250825075233.0
007 t|
008 050429s1963 sp |||| | spa d
080 _a070.431.4
100 1 _aElorriaga, Gabriel.
_947081
245 1 3 _aLa información desde un panorama nacional /
_cGabriel Elorriaga.
260 _aMadrid :
_bAteneo :
_bEditora Nacional,
_c1963.
300 _a34 p. , [1] h. ;
_c20 cm.
490 1 _aColección Ateneo ;
_v6
594 _aConferencia pronunciada en el Ateneo de Madrid el 11 de febrero de 1963.
598 _aEn verso de anteport.: Esta colección la publica Editora Nacional.
610 2 7 _aAteneo de Madrid-
_vConferencias-
_y1940-1982.
_91908
650 1 7 _aMedios de comunicación social
_2embne
_914961
710 2 _aAteneo de Madrid.
_91875
830 0 _aColección Ateneo ;
_v6
_9180032
852 _aES-MaACL
_j2185-F-25
852 _aES-MaACL
_jA-6237 (6)
_xOlim P-512-bis
_z- En lomo: Vols. 1-11
852 _aES-MaACL
_jP-211-Ter-1-6.-
_zEn lomo: Vols. 1-11
999 _c92759
_d92759